| 000 | 00719nam a2200181Ia 4500 | ||
|---|---|---|---|
| 008 | 090124s9999 xx 000 0 und d | ||
| 082 | _b44363 | ||
| 100 | _aलिमये सुहास भास्कर | ||
| 245 | _aNARMADE HAR HAR NARMADE नर्मदे हर हर नर्मदे | ||
| 250 | _a1 | ||
| 260 |
_bलिमय़े अ. ह. _c2005 |
||
| 300 | _a248 | ||
| 600 | _aलिमये सुहास भास्कर | ||
| 630 | _aNARMADE HAR HAR NARMADE नर्मदे हर हर नर्मदे | ||
| 700 | _aलिमये सुहास भास्कर | ||
| 730 | _aNARMADE HAR HAR NARMADE नर्मदे हर हर नर्मदे | ||
| 942 | _cBOOK | ||
| 999 |
_c110618 _d110618 |
||